Name Canadian Provinces AND Cities - Statistics

General Stats
  • This quiz has been taken 690 times
    688 since last reset
  • The average score is 28 of 39
Answer Stats
Answer % Correct
Quebec
91%
Quebec city
91%
British Columbia
90%
Alberta
89%
Ontario
88%
Toronto
85%
Toronto
85%
Manitoba
84%
Prince Edward Island
84%
Yukon
84%
Newfoundland and Labrador
82%
Saskatchewan
80%
Vancouver
80%
Northwest territories
79%
Edmonton
77%
Nova scotia
77%
Victoria
76%
Nunavut
75%
New brunswick
74%
Calgary
73%
Halifax
72%
Halifax
72%
Yellowknife
71%
Yellowknife
71%
Winnipeg
70%
Winnipeg
70%
Montreal
67%
St John's
67%
St John's
67%
Regina
64%
Whitehorse
64%
Whitehorse
64%
Iqaluit
58%
Iqaluit
58%
Saskatoon
58%
Charlottetown
57%
Charlottetown
57%
Fredericton
48%
Moncton
37%
No matching quizzes found
Score Distribution
Percent of People with Each Score
Percentile by Number Answered
Your Score History
You have not taken this quiz since the last reset